000
00321nmm a2200145 a 4500
003
AR-BaBNM
005
20251128203119.0
008
033119s[s.f ||||||||||||||000 | spa||
040
_c
AR-BaBNM
100
1
_a
Barre, André
245
1
0
_a
Platón
260
_a
[S.l.]
_b
L. Micmaud
_c
[s.f.]
942
_c
BK
998
_c
Bertuna
999
_c
1955
_d
1955